• 首页
  • 本馆介绍
  • 公告通知
  • 最新文献
  • 馆藏检索
  • 电子资源
  • 读者导购
  • 参考咨询
  • 我的图书馆
  • 登录
  • 详细信息显示
  • 放入我的书架
  • 预约/预借图书
  • 作者相关作品
  • 分类相关作品
  • 丛书相关作品
  • 出版社相关作品

书目信息

  • 表格格式
  • 工作单格式
  • 卡片格式
题名:
西方古典诗学与美学
    
 
作者: 章启群 著
分册:  
出版信息: 合肥   安徽教育出版社  2004
页数: 393页
开本: 21cm
丛书名:
单 册:
中图分类: I106.2
科图分类:
主题词: 古典词歌 , 文艺美学 , 古典词歌--文艺美学--研究--西方国家
电子资源:
ISBN: 7-5336-3635-X
000 00824nam0 2200253 450
001 03000000000
005 20051014081217.93
010    @a7-5336-3635-X@dCNY24.00
100    @a20050222d2004 ekmy0chiy0120 ea
101 0  @achi
102    @aCN@b340000
105    @ay z 000yy
200 1  @a西方古典诗学与美学@9xi fang gu dian shi xue yu mei xue@f章启群著@Fzhang qi qun zhu
210    @a合肥@c安徽教育出版社@d2004
210    @a合肥@c安徽教育出版社
215    @a393页@d21cm
330    @a本书收入了十三篇文章。即《关于西方美学缘起的思考》、《论亚里士多德的美学思想》、《亚里士多德艺术起源说新论》等。
606 0  @a古典词歌
606 0  @a文艺美学
606 0  @a古典词歌@x文艺美学@x研究@y西方国家
690    @aI106.2@v4
701  0 @a章启群@Azhang qi qun@4著
801  0 @aCN@bTSSF@c20051014
905    @a10447@dI106.2@e137
    
    西方古典诗学与美学/章启群著.-合肥:安徽教育出版社,2004.-合肥:安徽教育出版社
    393页;21cm
    
    
    ISBN 7-5336-3635-X:CNY24.00
    本书收入了十三篇文章。即《关于西方美学缘起的思考》、《论亚里士多德的美学思想》、《亚里士多德艺术起源说新论》等。
●
相关链接 在E读中查询图书 在五车中查询图书 在当当中查询图书 在豆瓣中查询图书


正题名:西方古典诗学与美学     索取号:I106.2/137         预约/预借

序号 登录号 条形码 馆藏地/架位号 状态 备注
1 0365840   3658401   第一样本阅览室/ [索取号:I106.2/137] 在馆    
2 0365841   3658410   第二借阅区/ [索取号:I106.2/137] 在馆    
3 0365842   3658429   第二借阅区/ [索取号:I106.2/137] 在馆    
唐山师范学院图书馆 欢迎您!
大连网信软件有限公司© 版权所有